[Event "Steyr Landesliga 1718"]
[Site "Austria"]
[Date "2017.11.11"]
[Round "4.3"]
[White "Suess, Werner"]
[Black "Watzka, Horst"]
[Result "0-1"]
[WhiteElo "2079"]
[BlackElo "2172"]
[PlyCount "50"]
[EventDate "2017.09.30"]
[EventType "team-tourn"]
[EventRounds "11"]
[EventCountry "AUT"]
[SourceTitle "EXT 2019"]
[Source "ChessBase"]
[SourceDate "2018.10.10"]
[SourceVersion "1"]
[SourceVersionDate "2018.10.10"]
[SourceQuality "1"]
[WhiteTeam "Spg ISR"]
[BlackTeam "Graz Schachgesellschaft"]
[WhiteTeamCountry "AUT"]
[BlackTeamCountry "AUT"]

1. e4 e5 2. Nf3 Nc6 3. Bc4 Nf6 4. Ng5 d5 5. exd5 Na5 6. Bb5+ c6 7. dxc6 bxc6 8. Bd3 Nd5 9. Nf3 Bd6 10. 0-0 0-0 11. g3 f5 12. Be2 e4 13. Ne1 f4 14. f3 fxg3 15. fxe4 gxh2+ 16. Kh1 Rxf1+ 17. Bxf1 Nf6 18. Nc3 Ng4 19. Nd3 Qh4 20. Be2 Bd7 21. Bf3 Rf8 22. Bg2 Nc4 23. Qe2 Rf2 24. Qe1 Qg3 25. Nxf2 Nxf2+ 0-1

[Event "Steyr Landesliga 1718"]
[Site "Austria"]
[Date "2017.10.21"]
[Round "3.3"]
[White "Khalakhan, Jurij"]
[Black "Suess, Werner"]
[Result "1-0"]
[WhiteElo "2199"]
[BlackElo "2079"]
[PlyCount "63"]
[EventDate "2017.09.30"]
[EventType "team-tourn"]
[EventRounds "11"]
[EventCountry "AUT"]
[SourceTitle "CBM 181 Extra"]
[Source "ChessBase"]
[SourceDate "2017.12.12"]
[SourceVersion "1"]
[SourceVersionDate "2017.12.12"]
[SourceQuality "1"]
[WhiteTeam "Graz Schachfreunde II"]
[BlackTeam "Spg ISR"]
[WhiteTeamCountry "AUT"]
[BlackTeamCountry "AUT"]

1. e4 Nf6 2. Nc3 e5 3. Nf3 d6 4. d4 exd4 5. Nxd4 g6 6. g3 Bg7 7. Bg2 0-0 8. 0-0 Bg4 9. f3 Bd7 10. Kh1 Nc6 11. Be3 Qc8 12. g4 Ne5 13. Qc1 Re8 14. Bh6 Bh8 15. Qf4 Be6 16. Rad1 Nfd7 17. Qg3 Nc6 18. Be3 Nxd4 19. Bxd4 Ne5 20. h3 Bc4 21. Rfe1 f6 22. b3 Bf7 23. Nd5 Bxd5 24. exd5 Qd7 25. f4 Nf7 26. Qc3 f5 27. Bxh8 Nxh8 28. Re6 fxg4 29. hxg4 Nf7 30. Rde1 Kf8 31. Bh3 Rxe6 32. dxe6 1-0

[Event "Steyr Landesliga 1718"]
[Site "Austria"]
[Date "2017.09.30"]
[Round "1.3"]
[White "Wukits, Rene"]
[Black "Suess, Werner"]
[Result "1-0"]
[WhiteElo "2315"]
[BlackElo "2079"]
[PlyCount "43"]
[EventDate "2017.09.30"]
[EventType "team-tourn"]
[EventRounds "11"]
[EventCountry "AUT"]
[SourceTitle "CBM 181 Extra"]
[Source "ChessBase"]
[SourceDate "2017.12.12"]
[SourceVersion "1"]
[SourceVersionDate "2017.12.12"]
[SourceQuality "1"]
[WhiteTeam "Soechau"]
[BlackTeam "Spg ISR"]
[WhiteTeamCountry "AUT"]
[BlackTeamCountry "AUT"]

1. d4 Nf6 2. c4 e5 3. dxe5 Ng4 4. Bf4 Nc6 5. Nf3 Bb4+ 6. Nbd2 Qe7 7. e3 a5 8. Be2 Ngxe5 9. Nxe5 Nxe5 10. 0-0 0-0 11. Nb3 a4 12. a3 Ba5 13. Nc1 Bb6 14. Na2 Ng6 15. Bg3 f5 16. Nc3 f4 17. Nd5 Qe5 18. exf4 Qxb2 19. Bd3 Qd4 20. Qb1 Ra5 21. Bxg6 hxg6 22. Ne7+ 1-0

[Event "Steyr Landesliga 1516"]
[Site "Austria"]
[Date "2016.04.09"]
[Round "10.2"]
[White "Danner, Georg"]
[Black "Suess, Werner"]
[Result "1-0"]
[WhiteElo "2393"]
[BlackElo "2135"]
[PlyCount "120"]
[EventDate "2015.09.26"]
[EventType "team-tourn"]
[EventRounds "11"]
[EventCountry "AUT"]
[SourceTitle "EXT 2017"]
[Source "ChessBase"]
[SourceDate "2016.10.25"]
[SourceVersion "1"]
[SourceVersionDate "2016.10.25"]
[SourceQuality "1"]
[WhiteTeam "Pinggau Friedberg"]
[BlackTeam "Spg ISR"]
[WhiteTeamCountry "AUT"]
[BlackTeamCountry "AUT"]

1. d4 Nf6 2. Nf3 c5 3. dxc5 e6 4. a3 a5 5. c4 Bxc5 6. Nc3 0-0 7. e3 Nc6 8. Na4 Ba7 9. c5 d6 10. cxd6 Ne8 11. Bd3 Qxd6 12. 0-0 f5 13. Qb3 b5 14. Bxb5 Rb8 15. Nc3 Ne5 16. Qd1 Nxf3+ 17. Qxf3 Nc7 18. Be2 Rf6 19. Rd1 Qe7 20. Qg3 e5 21. Nd5 Nxd5 22. Rxd5 f4 23. exf4 exf4 24. Qf3 Bb7 25. Bd2 Kh8 26. Bc4 Bxd5 27. Bxd5 Rxb2 28. Qc3 Rb8 29. Re1 Qd7 30. Qf3 h6 31. Bc3 Rd6 32. Ba2 Rd3 33. Bxg7+ Kxg7 34. Qxf4 Rf8 35. Qe5+ Rf6 36. Rf1 Rxa3 37. Bd5 Bb6 38. Kh1 Bc7 39. Qd4 Ra4 40. Qd3 Rb4 41. g3 Rb5 42. Rd1 Rf5 43. Qc3+ Be5 44. Qc4 Rb4 45. Qe2 Qb5 46. Qc2 Rf8 47. Bc6 Qc4 48. Rd7+ Rf7 49. Qxc4 Rxc4 50. Rxf7+ Kxf7 51. Bd5+ Kf6 52. Bxc4 a4 53. f3 a3 54. Kg2 Kf5 55. Ba2 Bd6 56. Kh3 Kg5 57. Bb1 Kf6 58. Kg4 Bf8 59. f4 Be7 60. Kf3 Bc5 1-0

[Event "Steyr Landesliga 1516"]
[Site "Austria"]
[Date "2016.03.05"]
[Round "8.2"]
[White "Manhardt, Thomas"]
[Black "Suess, Werner"]
[Result "1/2-1/2"]
[WhiteElo "2241"]
[BlackElo "2135"]
[PlyCount "88"]
[EventDate "2015.09.26"]
[EventType "team-tourn"]
[EventRounds "11"]
[EventCountry "AUT"]
[SourceTitle "EXT 2017"]
[Source "ChessBase"]
[SourceDate "2016.10.25"]
[SourceVersion "1"]
[SourceVersionDate "2016.10.25"]
[SourceQuality "1"]
[WhiteTeam "Graz Styria"]
[BlackTeam "Spg ISR"]
[WhiteTeamCountry "AUT"]
[BlackTeamCountry "AUT"]

1. e4 Nf6 2. e5 Nd5 3. c4 Nb6 4. c5 Nd5 5. Bc4 e6 6. Nc3 Nxc3 7. dxc3 Qh4 8. Qd4 Qxd4 9. cxd4 d6 10. cxd6 cxd6 11. Nf3 d5 12. Bd3 Nc6 13. a3 Be7 14. b4 a6 15. 0-0 Bd7 16. Bb2 0-0 17. Nd2 f5 18. f4 g5 19. g3 g4 20. Nb3 b5 21. Rfc1 Rfc8 22. Bc3 Kf7 23. Kf2 h5 24. Ke3 Rc7 25. Be1 Rac8 26. Nc5 Na7 27. a4 Bxc5 28. bxc5 Rb7 29. axb5 Bxb5 30. Rcb1 Rcb8 31. Bxb5 axb5 32. Ra6 Rc8 33. Rb6 Rcb8 34. Ba5 Rxb6 35. Bxb6 Nc8 36. Rxb5 Ke8 37. Kd3 Kd7 38. Kc3 Nxb6 39. Rxb6 Rxb6 40. cxb6 Kc6 41. Kb3 Kxb6 42. Kb4 Kc6 43. Ka5 Kc7 44. Kb5 Kb7 1/2-1/2